000 00830nam a22002295i 4500
001 160836
003 ES-MaACL
005 20250715063123.0
008 950206s1882 sp |||| | spa d
040 _aGA
_bspa
_cCCPB | PA2
080 _a821.134.2-14"18"
100 1 _aNúñez de Arce, Gaspar,
_d1834-1903
_eaut
_9223411
245 1 3 _aLa visión de Fray Martín :
_bpoema /
_cGaspar Núñez de Arce.
250 _a9ª ed.
260 _aMadrid :
_bLibrería de Murillo :
_bLibrería de Cuesta :
_bLibrería de Fe :
_bLibrería de Guio,
_c1882
_f(Imp. de Fortanet)
300 _aVIII, 56 páginas ;
_c19 cm.
655 7 _2tgfbne
_9176539
_aPoesías
852 _aES-MaACL
_cDEPO2
_hDonativo Roda
_jL-4901(8-5)
_xHolandesa
942 _2udc
_cMONANT
_n0
999 _c160836
_d160836